000 00980nam a2200217Ia 4500
999 _c3754
_d3754
003 OSt
005 20200415131228.0
008 191128t1997 ck a er 000 j spa d
020 _a9589427146
040 _aCO-JMCR
_cCO-JMCR
041 0 _aspa
082 0 4 _aC /
_bERAe
100 _aCorporación la Candelaria
_93051
245 1 0 _aErase una vez la Candelaria… /
_cCorporación la Candelaria
260 _aBogotá :
_bCorporación la Candelaria : Alcadía Mayor de Santa Fe de Bogotá : Instituto para el Desarrollo de la Democracia Luis Carlos Galán,
_c©1997
300 _a57 páginas :
_bilustraciones a color ;
_c22 cm.
490 0 _aPrograma educación para la democracia
520 _aQueremos contarte una de las historias de La Candelaria. La hicimos para todos los niños de la ciudad, a partir de las ideas y fantasías de otros niños que ya la han vivido y gozado. Anímate a conocer La Candelaria.
650 1 4 _aCuentos colombianos
_93053
942 _2ddc
_cBK